| 000 | 00996nam a2200325Ia 4500 | ||
|---|---|---|---|
| 003 | OSt | ||
| 005 | 20220912145114.0 | ||
| 006 | a|||||r|||| 00| 0 | ||
| 007 | ta | ||
| 008 | 220909b |||||||| |||| 00| 0 eng d | ||
| 020 | _a1405111186 (pbk) | ||
| 024 | _a80134 | ||
| 037 | _b317, 31/01/2008, Ashutosh Technical Books | ||
| 037 | _cTextbook | ||
| 040 |
_aCSL _beng _cCSL |
||
| 041 | _aeng | ||
| 082 | _aG9555:5, P6 TH | ||
| 100 | _aMann K H | ||
| 245 | 0 | _aDynamics of marine ecosystems: biological-physical interactions in the oceans | |
| 250 | _a3 | ||
| 260 |
_aOxford _bBlackwell Publishing _c2006 |
||
| 300 |
_axii,496p. _ccm. |
||
| 500 | _aBibliographical references 444-488p; Index 489-496p | ||
| 650 | _a Biotic communities | ||
| 650 | _a Marine ecology | ||
| 650 | _aGeology | ||
| 700 | _a Lazier J R N | ||
| 942 |
_hG9555:5, P6 TH _cTB _2CC |
||
| 999 |
_c23293 _d23293 |
||